Verkehrsreichste innerdeutsche Flugstrecken - Statistiken

Allgemein
  • Dieses Quiz wurde 126 mal gespielt
  • Das Durchschnittsergebnis liegt bei 7 aus 10
Antwortstatistiken
Passagiere Flugstrecke % Korrekt
1.281.380 München - Hamburg
94%
918.409 München - Berlin Brandenburg
92%
1.166.903 Frankfurt - Berlin Brandenburg
88%
1.083.482 Frankfurt - Hamburg
85%
1.011.998 Frankfurt - München
82%
495.121 München - Köln/Bonn
71%
912.284 München - Düsseldorf
64%
337.789 Berlin Brandenburg - Stuttgart
60%
359.538 München - Bremen
31%
372.362 München - Hannover
28%
Keine übereinstimmenden Quizze gefunden
Verteilung der Resultate
Anzahl Personen mit jedem Resultat
Perzentil nach korrekt beantworteten Fragen
Ihre Resultats-Entwicklung
Sie haben dieses Quiz noch nicht gespielt